Estados financieros Normas para preparacin̤ y presentacin̤

Detalles Bibliográficos
Autor principal: Carvalho Betancur, Javier Alonso
Formato: eBook
Lenguaje:español
Publicado: Bogot ̀: ECOE, 2009
Materias:
Acceso en línea:http://www.vlex.com/source/7387

MARC

LEADER 00000nam a22000007a 4500
005 20130327085448.0
007 cr|||| ||||
008 130327e2009 ck |||||s|||| 00||0 spa d
020 |a 978-958-648-595-1 
035 |a 7387 
040 |a vLex 
090 |c 4038  |d 4038 
100 1 0 |a Carvalho Betancur, Javier Alonso  
245 1 0 |a Estados financieros  |b Normas para preparacin̤ y presentacin̤  |c / Javier Alonso Carvalho Betancur   |h [Recurso electrn̤ico]  
256 |a Servicio en ln̕ea 
260 |a Bogot ̀:  |b ECOE,   |c 2009  
300 |a 1 Recurso electrn̤ico 
506 |d vLex Global  |d vLex Global (Academic Edition, excluding Law Schools)  |d vLex Global (U.S. Academic Edition, Law Schools)  |d vLex Global (U.S. Academic Edition, excluding Law Schools)  |d vLex Global (Academic Edition, Law Schools) 
650 0 4 |a Contabilidad 
650 0 4 |a Administracin̤ (Management) 
740 |a vLex Libros (Servicio en ln̕ea) 
856 |a Acceso restringido  |u http://www.vlex.com/source/7387 
942 |c BOOK 
999 0 |a Accounting